Statistics for Fifa 20 Top 25 Brazil Players

Click here to take the quiz!

General Stats

  • This quiz has been taken 43 times
  • The average score is 16 of 25

Answer Stats

RatingTeamPlayer% Correct
92PSGNeymar
97%
86LiverpoolRoberto Firmino
95%
87Real MadridCasemiro
86%
85Real MadridMarcelo
86%
89LiverpoolAlisson Becker
84%
88Manchester CityEderson
84%
87Manchester CityFernandinho
84%
87PSGThiago Silva
84%
85LiverpoolFabinho
81%
86Bayern MunichPhilippe Coutinho
81%
83Tottenham HotspurLucas Moura
76%
86PSGMarquinhos
68%
83ArsenalDavid Luiz
65%
84FC BarcelonaArthur Melo
62%
85NapoliAllan
57%
84Piemonte CalcioDouglas Costa
57%
83Shanghai SIPGOscar
57%
84LazioLucas Leiva
54%
84Guangzhou EvergrandePaulinho
54%
85Piemonte CalcioAlex Sandro
51%
84West Ham UnitedFelipe Anderson
51%
84Atletico MadridFelipe
35%
84FC PortoAlex Telles
32%
83Jiangsu SuningMiranda
30%
85FC BarcelonaNorberto Neto
27%

Score Distribution

Percentile by Number Answered

Percent of People with Each Score

Your Score History

You have not taken this quiz